00865cam a22002411 450000100060000000300080000600500170001400800390003103500190007003500180008904000300010704100080013708200200014510000500016524500850021526000440030030000460034450000510039050400190044165100470046065100520050765100640055925968BD-RjUL20211209050943.0140319s1943 nyuab 001 0 eng a(BD-RjUL)26038 a(OCoLC)794629 aDLCcMWHdOCoLCdDLCbeng aeng a912.8bWIL 19431 aWilgus, A. Curtisq(Alva Curtis),d1897-1981.10aLatin America in maps, historic, geographic, economic /cby A. Curtis Wilgus ... aNew York :bBarnes & Noble, inc.,c1943 a330 p. :billus. (maps) diagrs. ;c21 cm. aMaps, with descriptive text on opposite pages. aIncludes index 0aLatin AmericaxHistorical geographyvMaps. 0aLatin AmericaxHistoryxOutlines, syllabi, etc. 0aLatin AmericaxEconomic conditionsxOutlines, syllabi, etc.